| 000 | 00346nam a22001577a 4500 | ||
|---|---|---|---|
| 003 | SGT | ||
| 020 | _a978-81-7033-609-9 | ||
| 082 |
_a342 _bC15A |
||
| 100 | _aAHUJA, RAM | ||
| 245 | _aCRIMINOLOGY | ||
| 250 | _a1ST | ||
| 260 |
_aJAIPUR, INDIA _bRAWAT PUBLICATION _c2015 |
||
| 300 | _a411 | ||
| 650 | _aFORENSIC MEDICINE | ||
| 942 |
_2ddc _cBK _01 |
||
| 999 |
_c16947 _d16947 |
||